LEADER 03898nam 2201009z- 450 001 9910372785503321 005 20210212 010 $a3-03921-873-5 035 $a(CKB)4100000010163771 035 $a(oapen)https://directory.doabooks.org/handle/20.500.12854/60350 035 $a(oapen)doab60350 035 $a(EXLCZ)994100000010163771 100 $a20202102d2020 |y 0 101 0 $aeng 135 $aurmn|---annan 181 $ctxt$2rdacontent 182 $cc$2rdamedia 183 $acr$2rdacarrier 200 00$aSustainable Residential Landscapes:An International Perspective 210 $cMDPI - Multidisciplinary Digital Publishing Institute$d2020 215 $a1 online resource (264 p.) 311 08$a3-03921-872-7 330 $aThis book is a compilation of 10 recently published academic articles addressing sustainable residential landscape design and planning across geographies, scales, and perspectives: from American rain garden design to South Korean urban forestry; from Mexican community open space design to Australian neighborhood park planning; and from Chinese urban design to Bolivian land-use change. This volume brings together authors from a growing community of landscape sustainability scholars of landscape architecture and architecture; planning and construction; ecology and horticulture; agricultural and environmental sciences; and health, exercise, and nutrition. In summary, these papers address facets of a fundamental challenge for the 21st century: the design and planning of sustainable and resilient human settlements. 517 $aSustainable Residential Landscapes 606 $aArchitecture$2bicssc 610 $aaction research 610 $aAll-Area Integrated Development 610 $abioretention 610 $aBolivian Amazon 610 $abuilding energy saving 610 $acarbon reduction 610 $aChina 610 $acircular economy 610 $aclimate sensitive design 610 $acohousing 610 $acomfort 610 $acommunity service learning 610 $acoordinated development of rural communities & 610 $aCPTED 610 $ademolition/relocation-oriented market model (D/RMM) 610 $adesign model 610 $adwellings 610 $aecological priority 610 $aecological service 610 $agovernance 610 $agreen infrastructure 610 $aGuatemala 610 $aIndigenous versus non-indigenous land-use 610 $aintergenerational engagement 610 $aland use change 610 $alandscape performance evaluation 610 $alow impact development 610 $amonoculture 610 $anew rural construction model (NRCM) 610 $aOrigin Farmer Indigenous Territory 610 $aparks 610 $aphosphorus 610 $apolyculture 610 $aprevention of gender-based violence 610 $apublic space recovery 610 $arain gardens 610 $aresidential landscapes 610 $aresidential neighborhood parks 610 $aresidential sustainability 610 $arural landscape architecture 610 $arural revitalization 610 $ashared resources 610 $asmall towns 610 $asocial sustainability 610 $aspatial theory 610 $asubstrate 610 $asustainability 610 $asustainable livelihoods 610 $atactical urbanism 610 $aterritory 610 $atree planting structure 610 $aurban commons 610 $aurban tree 610 $aurban villages transformation 610 $awellbeing 610 $ayouth at risk 615 7$aArchitecture 700 $aSmith$b Carl$4auth$065954 906 $aBOOK 912 $a9910372785503321 996 $aSustainable Residential Landscapes:An International Perspective$93036642 997 $aUNINA LEADER 03926nam 22007934a 450 001 9910348235703321 005 20241107100609.0 010 $a9786610224104 024 7 $a10.4324/9780203478691 035 $a(CKB)1000000000359883 035 $a(EBL)200747 035 $a(OCoLC)437061677 035 $a(SSID)ssj0000164463 035 $a(PQKBManifestationID)11156321 035 $a(PQKBTitleCode)TC0000164463 035 $a(PQKBWorkID)10124311 035 $a(PQKB)10558227 035 $a(Au-PeEL)EBL200747 035 $a(CaPaEBR)ebr10162434 035 $a(CaONFJC)MIL22410 035 $a(OCoLC)252723727 035 $a(FINmELB)ELB150087 035 $a(OCoLC)1065351486 035 $a(OCoLC-P)1065351486 035 $a(FlBoTFG)9780203478691 035 $a(MiAaPQ)EBC200747 035 $a(oapen)https://directory.doabooks.org/handle/20.500.12854/29297 035 $a(OCoLC)53954283 035 $a(ODN)ODN0004026488 035 $a(ScCtBLL)56b0c409-5ee9-42f3-a039-3d3d9dcfb58e 035 $a(OCoLC)1135848586 035 $a(EXLCZ)991000000000359883 100 $a20031216d2004 uy 0 101 0 $aeng 135 $aur||||||||||| 181 $ctxt 182 $cc 183 $acr 200 00$aGood governance in the era of global neoliberalism $econflict and depolitisation in Latin America, Eastern Europe, Asia, and Africa /$fedited by Jolle Demmers, Alex E. Fernandez Jilberto and Barbara Hogenboom 205 $a1st ed. 210 $aLondon ;$aNew York $cRoutledge$d2004 215 $a1 online resource (340 p.) 225 1 $aRoutledge studies in the modern world economy ;$v47 300 $aDescription based upon print version of record. 320 $aIncludes bibliographical references and index. 327 $aPreface -- 1. Good Governance and democracy in a world of neoliberal regimes -- 2. The political economy of neoliberal governance in Latin America -- 3. 'Que se vayan todos' -- 4. Governing Mexico's market democracy -- 5. Triple transition and governance in El Salvador -- 6. Playing Russian roulette -- 7. 'Good governance' can make bad government -- 8. Clanism and predatory capitalism -- 9. Between globalisation and sub-national politics -- 10. 'Bad governance' under democratic rule in Taiwan -- 11. The political economy of recovery in Indonesia -- 12 China's transition to industrial capitalism -- 13. From new order to new world order -- 14. Good governance, privatisation and ethno-regional conflict in Cameroon -- 15. Global neoliberalisation and violent conflict -- Index. 330 $aThis new collection critically examines the new global policy of 'good governance'. This catchphrase of aid policy and development thinking has been the subject of too little analysis to date. This book redresses the balance. It places the prefix 'good', and exactly what that means, under the microscope and examines the impact of neoliberal governance in a wide range of countries and territories, including Chile, Russia, Argentina and Indonesia. 410 0$aRoutledge studies in the modern world economy ;$v47. 606 $aFree trade$vCase studies 606 $aFree enterprise$vCase studies 606 $aStructural adjustment (Economic policy)$vCase studies 606 $aGlobalization$vCase studies 615 0$aFree trade 615 0$aFree enterprise 615 0$aStructural adjustment (Economic policy) 615 0$aGlobalization 676 $a382/.71 686 $aBUS000000$aBUS069000$aBUS069020$2bisacsh 700 $aDemmers$b Jolle 701 $aDemmers$b Jolle$f1969-$0878879 701 $aFerna?ndez Jilberto$b A. E$g(Alex E.)$0253417 701 $aHogenboom$b Barbara$0878880 801 0$bMiAaPQ 801 1$bMiAaPQ 801 2$bMiAaPQ 906 $aBOOK 912 $a9910348235703321 996 $aGood governance in the era of global neoliberalism$91962161 997 $aUNINA